Kultúra Ružinova na stránkach tlače (1998-1999)

Bibliographic Details
Main Author: Kuzma, Peter, 1952- (Compiler)
Format: Book
Language:Slovak
PhysicalDescription:43 s. 21x13,5 cm
Published: [Bratislava] Knižnica Ružinov 2000
Subjects:

MARC

LEADER 00000nam a2200000 a 4500
001 vtls001400641
003 SK-MaSNL
005 20260331204453.0
008 240226s2000 xo r y slo
015 |a SNBSAB2000-00088 
035 |a SNK000355126 
035 |a urn:nbn:sk:snk-amk6ct 
035 |a urn:nbn:sk:snk-am004p2d 
035 |a 826D501A-12FE-44F4-B3D0-594B09CE13BA 
040 |a SNK  |b slo  |c SNK  |e AACR2 
041 0 |a slo 
044 |a xo  |c SK 
080 |a 008:015(437.6-25)  |2 1981 
080 |a 015(437.6-25)  |2 1981 
100 1 |a Kuzma, Peter,  |d 1952-  |4 zos  |9 5561 
245 1 0 |a Kultúra Ružinova na stránkach tlače (1998-1999)  |c [zostavil: Peter Kuzma] 
260 |a [Bratislava]  |b Knižnica Ružinov  |c 2000 
300 |a 43 s.  |c 21x13,5 cm 
500 |a Údaj o zost. je prevzatý z tiráže 
500 |a 100 výt. 
504 |a Reg. men. Lit. 250 zázn. o čl. v slov. 
655 7 |a neperiodické bibliografie  |2 SNK  |9 60408 
958 |a OND 
958 |a RM 
958 |a SF 
999 |c 1154313  |d 1156243 
952 |t P60, <04>, [BOOK], {604}  |a SNK  |b SNK  |y VYP  |7 0  |p 17A0261188  |o snkSC 103221 D1  |i snkKSP 12723/2000  |0 0  |1 0  |4 0  |d 2000-12-07  |l 0  |r 2005-01-02 00:00:00  |w 2026-02-24 
952 |t P60, <03>, [BOOK], {603}  |a SNK  |b SNK  |y PREZ  |7 0  |p 17A0260872  |o snkSC 103221  |i snkKSP 12582/2000  |0 0  |1 0  |4 0  |d 2000-12-04  |f 1  |l 0  |r 2025-09-24 00:00:00  |w 2026-02-24